000 01556nam a2200265 4500
020 _a007035202X
020 _a9780071144193
040 _cNSHS PAK
082 _a616.025
_bATL
245 _aAtlas of emergency medicine /
_c[edited by] Kevin J. Knoop, Lawrence B. Stack, Alan B. Storrow.
260 _aNew York :
_bMcGraw-Hill,
_c1997.
300 _axxix, 511 pages;
_billustrations :
_c28.5 cm.
500 _aDC010226
520 _aThe Atlas of Emergency Medicine is a comprehensive reference book that provides visual guidance and detailed explanations for the diagnosis and management of a wide range of emergency medical conditions. It typically includes high-quality images, illustrations, and clinical photographs to help healthcare professionals recognize injuries, diseases, and urgent medical scenarios quickly. Published by Elsevier in Philadelphia, USA, the atlas serves as an essential resource for physicians, medical students, and emergency care providers. In library classification, it falls under 616.025 in the Dewey Decimal system, which covers emergency medicine and urgent care.
546 _aIn English.
650 0 _aEmergency medicine
_vAtlases.
_9133945
650 0 _aEmergency Medicine
_xmethods
_vAtlases.
_9133946
650 0 _aCritical Care
_xmethods
_vAtlases.
_9133947
650 0 _aEmergencies
_vAtlases.
_9133948
700 1 _aKnoop, Kevin J.
_9133369
700 1 _aStorrow, Alan B.
_9133949
700 1 _aStack, Lawrence B.
_9133950
942 _2ddc
_cBK
999 _c616328
_d616328